00414nam a22001457a 450000500170000000800410001702000150005804100130007308200130008610000130009924500420011226000570015430000310021165000260024220240618132914.0240618b |||||||| |||| 00| 0 eng d a0406851646 aEnglish  a349 LAW  lEnglish  aThe All England Law Reports: Reprint  aLondon: bButterworth and Co. Publishers Ltd, c1988 bxvi, 1024 pages; c25 cm.  aLegal practice bLaw